000
00200 a2200097 4500
001
10490
100
_a
Odgers, G.
245
_a
Air war against Japan
260
_a
_b
Canberra
_c
090
_c
8108
_d
8108
942
_a
NUST-CAE
_c
M
_c
34832
999
_c
245563
_d
245563